[Event "20. Obert Int. Sant Marti 2018 - B"]
[Site "Barcelona ESP"]
[Date "2018.07.13"]
[Round "1.24"]
[White "Gibert Juan, Ramon"]
[Black "Moreno Perez, Norberto"]
[Result "1/2-1/2"]
[WhiteElo "1567"]
[BlackElo "1874"]
[PlyCount "93"]
[EventDate "2018.07.13"]
[EventType "swiss"]
[EventRounds "9"]
[EventCountry "ESP"]
[SourceTitle "Ajedrez en Madrid"]
[Source "lmi"]
[SourceDate "2018.07.13"]
[SourceVersion "1"]
[SourceVersionDate "2019.06.21"]
[SourceQuality "1"]

1. d4 d5 2. Nf3 Nf6 3. e3 e6 4. c4 c6 5. Nc3 Bd6 6. cxd5 exd5 7. Bd3 Bg4 8. h3
Bh5 9. O-O O-O 10. Be2 Nbd7 11. Nh4 Bxe2 12. Qxe2 Ne4 13. Nf5 Bc7 14. Qg4 g6
15. Nxe4 dxe4 16. Ng3 f5 17. Qe2 Nb6 18. Bd2 Nd5 19. Qc4 Qg5 20. Ne2 Kg7 21. f4
Qh4 22. Qb3 Rab8 23. Kh2 h5 24. g3 Qf6 25. h4 Qd8 26. Rac1 Nf6 27. Rc2 Bd6 28.
Kg2 Ng4 29. Nc3 Be7 30. Rh1 Rf6 31. Nd1 a5 32. Nf2 Nh6 33. Bc3 Rd6 34. d5+ Bf6
35. Bxf6+ Qxf6 36. dxc6 Rxc6 37. Rhc1 Qd6 38. Rxc6 bxc6 39. Qc3+ Kh7 40. Rd1
Qe6 41. Nh3 Nf7 42. b3 a4 43. Ng5+ Nxg5 44. hxg5 axb3 45. axb3 Rxb3 46. Qd4 Rb7
47. Kf2 1/2-1/2

[Event "20. Obert Int. Sant Marti 2018 - B"]
[Site "Barcelona ESP"]
[Date "2018.07.13"]
[Round "1.25"]
[White "Vargas Drechsler, Carlos"]
[Black "Riera Mestres, Josep"]
[Result "1-0"]
[WhiteElo "1871"]
[BlackElo "1565"]
[PlyCount "43"]
[EventDate "2018.07.13"]
[EventType "swiss"]
[EventRounds "9"]
[EventCountry "ESP"]
[SourceTitle "Ajedrez en Madrid"]
[Source "lmi"]
[SourceDate "2018.07.13"]
[SourceVersion "1"]
[SourceVersionDate "2019.06.21"]
[SourceQuality "1"]

1. e4 e5 2. Nf3 Nf6 3. Nxe5 d6 4. Nf3 Nxe4 5. Nc3 Nxc3 6. dxc3 Be7 7. Be3 Bf5
8. Bd3 Bxd3 9. cxd3 Nd7 10. O-O O-O 11. Re1 b6 12. Nd4 Qc8 13. Nf5 Bf6 14. d4
Re8 15. Qg4 Kh8 16. Bg5 Rxe1+ 17. Rxe1 g6 18. Ne7 Bxe7 19. Rxe7 f5 20. Qh4 h5
21. Bf6+ Kg8 22. Qg5 1-0

[Event "20. Obert Int. Sant Marti 2018 - B"]
[Site "Barcelona ESP"]
[Date "2018.07.13"]
[Round "1.26"]
[White "Peter, Louis-Alexis"]
[Black "Lozano Ruiz, David"]
[Result "1/2-1/2"]
[WhiteElo "1558"]
[BlackElo "1869"]
[PlyCount "81"]
[EventDate "2018.07.13"]
[EventType "swiss"]
[EventRounds "9"]
[EventCountry "ESP"]
[SourceTitle "Ajedrez en Madrid"]
[Source "lmi"]
[SourceDate "2018.07.13"]
[SourceVersion "1"]
[SourceVersionDate "2019.06.21"]
[SourceQuality "1"]

1. e4 e6 2. d4 d5 3. Nd2 c5 4. Ngf3 cxd4 5. exd5 Qxd5 6. Bc4 Qd6 7. O-O Nf6 8.
Nb3 Nc6 9. Nbxd4 Nxd4 10. Qxd4 Qxd4 11. Nxd4 a6 12. a4 Bd6 13. Re1 O-O 14. Bg5
Nd7 15. Rad1 Bc5 16. Bh4 Nb6 17. Bb3 Re8 18. a5 Nd7 19. Ba4 Bb4 20. c3 Bxa5 21.
Nb3 b5 22. Nxa5 bxa4 23. Rd6 Nc5 24. Rc6 Nb3 25. Nxb3 axb3 26. Rb6 Bd7 27. Rxb3
Reb8 28. Rxb8+ Rxb8 29. b4 f6 30. f4 Rc8 31. Rd1 Bb5 32. Be1 Kf7 33. Kf2 h5 34.
h3 Rc4 35. Bd2 f5 36. Re1 Rc7 37. Rc1 g6 38. Be3 Bc4 39. Bd4 Rc8 40. Re1 Bd5
41. Bc5 1/2-1/2

[Event "20. Obert Int. Sant Marti 2018 - B"]
[Site "Barcelona ESP"]
[Date "2018.07.13"]
[Round "1.27"]
[White "Hovakimyan, Narek"]
[Black "Sans Bascu, Joaquin"]
[Result "1-0"]
[WhiteElo "1868"]
[BlackElo "1556"]
[PlyCount "53"]
[EventDate "2018.07.13"]
[EventType "swiss"]
[EventRounds "9"]
[EventCountry "ESP"]
[SourceTitle "Ajedrez en Madrid"]
[Source "lmi"]
[SourceDate "2018.07.13"]
[SourceVersion "1"]
[SourceVersionDate "2019.06.21"]
[SourceQuality "1"]

1. e4 e5 2. Nf3 Nc6 3. d4 exd4 4. Nxd4 Qh4 5. Nc3 Bb4 6. Ndb5 Ba5 7. Bd3 a6 8.
Na3 Nf6 9. O-O O-O 10. Nc4 Bxc3 11. bxc3 Nxe4 12. g3 Qe7 13. Re1 Qf6 14. Rxe4
Nb4 15. Rf4 Qxc3 16. Bb2 Nxd3 17. Bxc3 Nxf4 18. gxf4 d6 19. Qd4 f6 20. Qd5+ Kh8
21. Re1 Bh3 22. Qxb7 Rfc8 23. Qf3 Bf5 24. Ne3 Bd7 25. Nd5 Bc6 26. Re7 Rab8 27.
Qd1 1-0

[Event "20. Obert Int. Sant Marti 2018 - B"]
[Site "Barcelona ESP"]
[Date "2018.07.13"]
[Round "1.28"]
[White "Martin Sanchez, Antoni"]
[Black "Valarezzo Ricard, Pedro"]
[Result "0-1"]
[WhiteElo "1552"]
[BlackElo "1866"]
[PlyCount "90"]
[EventDate "2018.07.13"]
[EventType "swiss"]
[EventRounds "9"]
[EventCountry "ESP"]
[SourceTitle "Ajedrez en Madrid"]
[Source "lmi"]
[SourceDate "2018.07.13"]
[SourceVersion "1"]
[SourceVersionDate "2019.06.21"]
[SourceQuality "1"]

1. d4 Nf6 2. Nf3 e6 3. Bf4 c5 4. e3 cxd4 5. Nxd4 Qa5+ 6. c3 e5 7. Nb3 Qc7 8.
Bg3 Nc6 9. Be2 a5 10. a4 Be7 11. O-O O-O 12. Na3 Ne4 13. Nb5 Qd8 14. Bxe5 Nxe5
15. Qd5 Nxc3 16. Nxc3 d6 17. Nd4 Qb6 18. Ncb5 Bd7 19. Rad1 Bc6 20. Qb3 Rfd8 21.
Nf5 Bf8 22. Rd2 Be4 23. Nfd4 d5 24. Rfd1 Bb4 25. f3 Nc4 26. Bxc4 dxc4 27. Qxc4
Bxd2 28. Rxd2 Rac8 29. Qe2 Rc1+ 30. Kf2 Bc6 31. Nb3 Bxb5 32. axb5 Rcc8 33. Nd4
Qh6 34. h3 Qh4+ 35. Kg1 Qg3 36. Rd1 g6 37. b3 Rc3 38. Ra1 Rdc8 39. Qd2 Qc7 40.
f4 b6 41. Rf1 Qe7 42. Re1 Qe4 43. Re2 Rd3 44. Qe1 Rdc3 45. Qf2 Re8 0-1

[Event "20. Obert Int. Sant Marti 2018 - B"]
[Site "Barcelona ESP"]
[Date "2018.07.13"]
[Round "1.29"]
[White "Santos Ramos, Carlos"]
[Black "Ayllon Barranco, Miguel"]
[Result "1-0"]
[WhiteElo "1866"]
[BlackElo "1550"]
[PlyCount "103"]
[EventDate "2018.07.13"]
[EventType "swiss"]
[EventRounds "9"]
[EventCountry "ESP"]
[SourceTitle "Ajedrez en Madrid"]
[Source "lmi"]
[SourceDate "2018.07.13"]
[SourceVersion "1"]
[SourceVersionDate "2019.06.21"]
[SourceQuality "1"]

1. d4 Nf6 2. Nc3 d5 3. e4 dxe4 4. f3 e3 5. Bxe3 Bf5 6. Nge2 e6 7. a3 Be7 8. Nf4
Nd5 9. Ncxd5 exd5 10. Qe2 c6 11. O-O-O Nd7 12. g4 Be6 13. Nxe6 fxe6 14. Bd2 Rf8
15. Qxe6 Rxf3 16. Qg8+ Nf8 17. Qxg7 Rxa3 18. Kb1 Rf3 19. Re1 Rf7 20. Qg8 Qd6
21. Bd3 Qf6 22. Rhf1 Qg7 23. Qxg7 Rxg7 24. Bh6 Rg8 25. Bxf8 Rxf8 26. Rxf8+ Kxf8
27. Bxh7 Kf7 28. Bf5 Rh8 29. Rh1 b6 30. h3 c5 31. dxc5 bxc5 32. c3 Kf6 33. Kc2
Kg5 34. Kd3 Kf4 35. Ke2 Bf6 36. Rf1+ Kg5 37. Rf3 Rb8 38. Kd2 Rxb2+ 39. Bc2 a5
40. Rf5+ Kg6 41. Rxd5+ Kg7 42. Rxc5 a4 43. Ra5 Ra2 44. Rxa4 Rxa4 45. Bxa4 Kg6
46. c4 Kg5 47. Bd7 Kh4 48. Ke2 Bg5 49. c5 Bd8 50. Kf3 Kxh3 51. g5+ Kh4 52. g6
1-0

[Event "20. Obert Int. Sant Marti 2018 - B"]
[Site "Barcelona ESP"]
[Date "2018.07.13"]
[Round "1.30"]
[White "Campins Barberia, Jon"]
[Black "Garcia Quevedo, Jose"]
[Result "1/2-1/2"]
[WhiteElo "1547"]
[BlackElo "1864"]
[PlyCount "42"]
[EventDate "2018.07.13"]
[EventType "swiss"]
[EventRounds "9"]
[EventCountry "ESP"]
[SourceTitle "Ajedrez en Madrid"]
[Source "lmi"]
[SourceDate "2018.07.13"]
[SourceVersion "1"]
[SourceVersionDate "2019.06.21"]
[SourceQuality "1"]

1. e4 c5 2. c3 d5 3. exd5 Qxd5 4. Nf3 g6 5. d4 Bg7 6. dxc5 Qxc5 7. Na3 a6 8.
Bc4 Nf6 9. Be3 Qc7 10. h3 O-O 11. O-O Nc6 12. Bb3 b5 13. Nc2 Na5 14. Bd4 Nxb3
15. axb3 Bb7 16. Re1 Rac8 17. Nb4 a5 18. Be5 Qb6 19. Bd4 Bxf3 20. Qxf3 Qc7 21.
Be5 Qb6 1/2-1/2

[Event "20. Obert Int. Sant Marti 2018 - B"]
[Site "Barcelona ESP"]
[Date "2018.07.13"]
[Round "1.31"]
[White "Costa Trave, Jaume"]
[Black "Rodriguez Batuecas, Jordi"]
[Result "1-0"]
[WhiteElo "1862"]
[BlackElo "1543"]
[PlyCount "57"]
[EventDate "2018.07.13"]
[EventType "swiss"]
[EventRounds "9"]
[EventCountry "ESP"]
[SourceTitle "Ajedrez en Madrid"]
[Source "lmi"]
[SourceDate "2018.07.13"]
[SourceVersion "1"]
[SourceVersionDate "2019.06.21"]
[SourceQuality "1"]

1. d4 Nf6 2. Nc3 g6 3. e4 d6 4. Bc4 Bg7 5. f4 O-O 6. e5 Ne8 7. Nf3 dxe5 8. fxe5
Nc6 9. O-O Bg4 10. Be3 Na5 11. Be2 a6 12. Ne4 Qd5 13. Nf2 Bf5 14. b3 Rd8 15. c4
Qd7 16. Qd2 Nc6 17. Rad1 Qc8 18. Qc3 f6 19. e6 Nd6 20. d5 Nb8 21. Qb4 Ne4 22.
Nxe4 Bxe4 23. Qxe7 Rd6 24. Bc5 Qd8 25. Qxd8 Rfxd8 26. Bxd6 Rxd6 27. Bd3 Bxf3
28. Rxf3 f5 29. g4 1-0

[Event "20. Obert Int. Sant Marti 2018 - B"]
[Site "Barcelona ESP"]
[Date "2018.07.13"]
[Round "1.32"]
[White "Gordillo Bretones, Jose Luis"]
[Black "Castillo Dalmau, Arnau"]
[Result "0-1"]
[WhiteElo "1543"]
[BlackElo "1862"]
[PlyCount "40"]
[EventDate "2018.07.13"]
[EventType "swiss"]
[EventRounds "9"]
[EventCountry "ESP"]
[SourceTitle "Ajedrez en Madrid"]
[Source "lmi"]
[SourceDate "2018.07.13"]
[SourceVersion "1"]
[SourceVersionDate "2019.06.21"]
[SourceQuality "1"]

1. e4 c5 2. Nf3 e6 3. d4 cxd4 4. Nxd4 a6 5. Nc3 Qc7 6. Bd3 Nc6 7. Nxc6 Qxc6 8.
O-O b5 9. a3 Bb7 10. Ne2 Nf6 11. Ng3 Be7 12. Bg5 h6 13. Be3 O-O 14. Be2 Qc7 15.
Bd3 d5 16. exd5 Nxd5 17. Qg4 f5 18. Qh5 Qc6 19. Bd2 Nf4 20. Qf3 Nh3+ 0-1

[Event "20. Obert Int. Sant Marti 2018 - B"]
[Site "Barcelona ESP"]
[Date "2018.07.13"]
[Round "1.33"]
[White "Vives Cabau, Jordi"]
[Black "Zhou, Luyu"]
[Result "1-0"]
[WhiteElo "1859"]
[BlackElo "1542"]
[PlyCount "82"]
[EventDate "2018.07.13"]
[EventType "swiss"]
[EventRounds "9"]
[EventCountry "ESP"]
[SourceTitle "Ajedrez en Madrid"]
[Source "lmi"]
[SourceDate "2018.07.13"]
[SourceVersion "1"]
[SourceVersionDate "2019.06.21"]
[SourceQuality "1"]

1. f4 d5 2. e3 Nf6 3. Nf3 e6 4. b3 Be7 5. Bb2 c5 6. Be2 Nc6 7. Ne5 O-O 8. Nxc6
bxc6 9. d3 Qb6 10. c4 d4 11. e4 Qc7 12. O-O Nd7 13. Nd2 Bd6 14. e5 Be7 15. Bg4
Re8 16. Ne4 f5 17. exf6 Nxf6 18. Nxf6+ Bxf6 19. Qf3 e5 20. Bxc8 Raxc8 21. f5
Rf8 22. Qe4 Rf7 23. Rf3 Rcf8 24. g4 Bh4 25. Rh3 Qe7 26. Bc1 Qf6 27. Bd2 Kh8 28.
Rf1 Bg5 29. Bxg5 Qxg5 30. Rh5 Qe3+ 31. Qxe3 dxe3 32. Re1 g6 33. fxg6 Rf3 34.
Rxh7+ Kg8 35. Rxa7 R8f4 36. Rf7 Rxg4+ 37. Kh1 Rgf4 38. Re2 Rf1+ 39. Kg2 Ra1 40.
Rxe3 Rxa2+ 41. Kg3 Ra3 1-0

[Event "20. Obert Int. Sant Marti 2018 - B"]
[Site "Barcelona ESP"]
[Date "2018.07.13"]
[Round "1.34"]
[White "Raghav, Bansal"]
[Black "Carrey Abellan, Enric"]
[Result "1-0"]
[WhiteElo "1541"]
[BlackElo "1855"]
[PlyCount "81"]
[EventDate "2018.07.13"]
[EventType "swiss"]
[EventRounds "9"]
[EventCountry "ESP"]
[SourceTitle "Ajedrez en Madrid"]
[Source "lmi"]
[SourceDate "2018.07.13"]
[SourceVersion "1"]
[SourceVersionDate "2019.06.21"]
[SourceQuality "1"]

1. d4 Nf6 2. Bf4 d6 3. Nf3 g6 4. Nc3 Bg7 5. e4 Nbd7 6. Qd2 O-O 7. O-O-O c5 8.
Bh6 cxd4 9. Nxd4 Nc5 10. f3 a6 11. h4 b5 12. Bxg7 Kxg7 13. h5 Rh8 14. g4 h6 15.
Nd5 Nxd5 16. exd5 Bb7 17. hxg6 fxg6 18. b4 e5 19. bxc5 exd4 20. Qxd4+ Qf6 21.
Qxf6+ Kxf6 22. c6 Bc8 23. Bd3 h5 24. gxh5 gxh5 25. Rh4 Ke5 26. Bg6 Bf5 27. Rxh5
Rxh5 28. Bxh5 Rh8 29. Bg4 Bxg4 30. fxg4 Rg8 31. Kb2 Rxg4 32. c3 Rh4 33. Rd4 Rh8
34. Kb3 Rb8 35. Kb4 a5+ 36. Kxa5 b4 37. Rxb4 Ra8+ 38. Kb6 Kxd5 39. Kb7 Rf8 40.
c7 Rf7 41. Kb8 1-0

[Event "20. Obert Int. Sant Marti 2018 - B"]
[Site "Barcelona ESP"]
[Date "2018.07.13"]
[Round "1.35"]
[White "Farre Buil, Carles"]
[Black "Sanchez Viana, Jordi"]
[Result "1/2-1/2"]
[WhiteElo "1855"]
[BlackElo "1536"]
[PlyCount "66"]
[EventDate "2018.07.13"]
[EventType "swiss"]
[EventRounds "9"]
[EventCountry "ESP"]
[SourceTitle "Ajedrez en Madrid"]
[Source "lmi"]
[SourceDate "2018.07.13"]
[SourceVersion "1"]
[SourceVersionDate "2019.06.21"]
[SourceQuality "1"]

1. d4 d5 2. c4 c6 3. Nc3 Nf6 4. Bg5 e6 5. e3 Be7 6. Nf3 O-O 7. Qc2 Nbd7 8. cxd5
exd5 9. Bd3 h6 10. h4 Ng4 11. Bf4 Ndf6 12. h5 Bd6 13. g3 Re8 14. O-O-O Bb4 15.
Rdf1 Qa5 16. Nd2 Bxc3 17. bxc3 c5 18. Kd1 c4 19. Be2 Bd7 20. Ke1 Ba4 21. Qb2
Qb6 22. Qc1 Bd7 23. Qc2 Qe6 24. Rfg1 Qf5 25. Qxf5 Bxf5 26. Nf1 Nxf2 27. Kxf2
Ne4+ 28. Ke1 Nxc3 29. Bf3 Rac8 30. Rh2 Rc6 31. Rb2 b5 32. g4 Bd3 33. Kd2 Na4
1/2-1/2

[Event "20. Obert Int. Sant Marti 2018 - B"]
[Site "Barcelona ESP"]
[Date "2018.07.13"]
[Round "1.36"]
[White "Munt Serrano, Jesus"]
[Black "Corominas Garrido, Jordi"]
[Result "0-1"]
[WhiteElo "1511"]
[BlackElo "1853"]
[PlyCount "80"]
[EventDate "2018.07.13"]
[EventType "swiss"]
[EventRounds "9"]
[EventCountry "ESP"]
[SourceTitle "Ajedrez en Madrid"]
[Source "lmi"]
[SourceDate "2018.07.13"]
[SourceVersion "1"]
[SourceVersionDate "2019.06.21"]
[SourceQuality "1"]

1. e4 e6 2. d4 d5 3. Nc3 Nf6 4. e5 Nfd7 5. f4 c5 6. Nf3 Nc6 7. Be3 a6 8. Qd2 b5
9. dxc5 Bxc5 10. Nd4 Qb6 11. O-O-O Bxd4 12. Bxd4 Qa5 13. a3 b4 14. Nb1 Rb8 15.
Bf2 O-O 16. Be1 Nc5 17. Bd3 Qb6 18. axb4 Nxb4 19. Qxb4 Qxb4 20. Bxb4 Rxb4 21.
Be2 Rxf4 22. Rhe1 Bb7 23. Nd2 Rc8 24. Nf3 a5 25. h4 Ba6 26. Rd4 Nb3+ 27. Kb1
Nxd4 28. Bxa6 Nxf3 29. gxf3 Rb8 30. Re3 Rxh4 31. Ra3 a4 32. c4 dxc4 33. Rxa4
Rh1+ 34. Ka2 Rh2 35. Rxc4 Rhxb2+ 36. Ka3 Rb1 37. Ka2 R1b6 38. Rc8+ Rxc8 39.
Bxc8 h5 40. Bd7 h4 0-1

[Event "20. Obert Int. Sant Marti 2018 - B"]
[Site "Barcelona ESP"]
[Date "2018.07.13"]
[Round "1.37"]
[White "Gonzalez Lafita, Oscar"]
[Black "Cassi De La Viuda, Alex"]
[Result "1-0"]
[WhiteElo "1849"]
[BlackElo "1489"]
[PlyCount "135"]
[EventDate "2018.07.13"]
[EventType "swiss"]
[EventRounds "9"]
[EventCountry "ESP"]
[SourceTitle "Ajedrez en Madrid"]
[Source "lmi"]
[SourceDate "2018.07.13"]
[SourceVersion "1"]
[SourceVersionDate "2019.06.21"]
[SourceQuality "1"]

1. d4 d5 2. Nf3 c6 3. c4 Nf6 4. Nc3 e6 5. cxd5 exd5 6. Bg5 Bb4 7. Qc2 Nbd7 8.
e3 Qa5 9. Bd3 h6 10. Bf4 Nh5 11. Be5 Nhf6 12. O-O Nxe5 13. Nxe5 Bd6 14. Nf3 Bg4
15. Be2 Bxf3 16. Bxf3 Qc7 17. h3 O-O 18. Rac1 Qd7 19. Qa4 Rfe8 20. b4 Be7 21.
Qb3 b5 22. a4 a6 23. a5 Qd6 24. Rb1 Ra7 25. Ne2 Ne4 26. Qc2 Nf6 27. Nf4 Qd7 28.
Rfc1 Rc7 29. Rb2 Bd6 30. Nd3 Qe7 31. Qb3 Rec8 32. Nc5 Bxc5 33. Rxc5 Ne4 34.
Bxe4 Qxe4 35. Rbc2 Qe6 36. Rc1 Qe4 37. R5c2 Qe6 38. Qc3 Qd6 39. Qe1 Qe6 40. Qe2
Qe7 41. Rc5 Qd6 42. Qg4 Kf8 43. Qf5 Kg8 44. e4 Qe6 45. Qxe6 fxe6 46. e5 Kf7 47.
R5c3 Kg6 48. Rf3 Rf7 49. Rcc3 Rcc7 50. Rg3+ Kh7 51. Rgf3 Kg8 52. Kh2 Rxf3 53.
Rxf3 Rf7 54. Kg3 Rxf3+ 55. Kxf3 g5 56. h4 Kg7 57. h5 Kf7 58. Kg4 Kg7 59. f4
gxf4 60. Kxf4 Kf7 61. g4 Kg7 62. g5 hxg5+ 63. Kxg5 Kf7 64. h6 c5 65. dxc5 d4
66. Kf4 Kg6 67. c6 Kxh6 68. c7 1-0

[Event "20. Obert Int. Sant Marti 2018 - B"]
[Site "Barcelona ESP"]
[Date "2018.07.13"]
[Round "1.38"]
[White "Pifarre Gene, Joan Baptista"]
[Black "Carricondo Fernandez, Vicente"]
[Result "0-1"]
[WhiteElo "1489"]
[BlackElo "1845"]
[PlyCount "61"]
[EventDate "2018.07.13"]
[EventType "swiss"]
[EventRounds "9"]
[EventCountry "ESP"]
[SourceTitle "Ajedrez en Madrid"]
[Source "lmi"]
[SourceDate "2018.07.13"]
[SourceVersion "1"]
[SourceVersionDate "2019.06.21"]
[SourceQuality "1"]

1. e4 e5 2. Nf3 Nc6 3. Bc4 Bc5 4. c3 Nf6 5. d3 d6 6. Bb3 h6 7. O-O Bg4 8. h3
Bh5 9. Nbd2 a6 10. Re1 O-O 11. Nf1 Qd7 12. Ng3 Bg6 13. Nh4 Kh8 14. Be3 Bxe3 15.
fxe3 d5 16. Nxg6+ fxg6 17. exd5 Nxd5 18. Qe2 Rad8 19. Bc2 Nce7 20. Rf1 Qd6 21.
Rf3 Rxf3 22. Qxf3 Qb6 23. Bb3 Nxe3 24. Kh2 N7f5 25. Nxf5 gxf5 26. Re1 Rxd3 27.
Qe2 e4 28. Qh5 Qd6+ 29. Kh1 Qe7 30. Rxe3 Rxe3 31. Qd1 0-1

[Event "20. Obert Int. Sant Marti 2018 - B"]
[Site "Barcelona ESP"]
[Date "2018.07.13"]
[Round "1.39"]
[White "Colom Andres, Xavier"]
[Black "Lazaro Valls, Xavi"]
[Result "1-0"]
[WhiteElo "1838"]
[BlackElo "1488"]
[PlyCount "105"]
[EventDate "2018.07.13"]
[EventType "swiss"]
[EventRounds "9"]
[EventCountry "ESP"]
[SourceTitle "Ajedrez en Madrid"]
[Source "lmi"]
[SourceDate "2018.07.13"]
[SourceVersion "1"]
[SourceVersionDate "2019.06.21"]
[SourceQuality "1"]

1. d4 c5 2. Nf3 cxd4 3. Nxd4 Nf6 4. Nc3 d5 5. Bg5 Nbd7 6. e3 h6 7. Bh4 a6 8.
Be2 e6 9. O-O Be7 10. Bf3 g5 11. Bg3 h5 12. h3 Nc5 13. b4 Nce4 14. Nxe4 dxe4
15. Be2 Bd6 16. Bxd6 Qxd6 17. Qb1 g4 18. h4 Nd5 19. Qb2 e5 20. Nb3 Be6 21. Rad1
Qc7 22. Nc5 g3 23. Nxe4 gxf2+ 24. Kxf2 O-O-O 25. c4 Ne7 26. c5 Nf5 27. b5 axb5
28. Bxb5 Qa5 29. a4 Qc7 30. Nd6+ Nxd6 31. cxd6 Qa5 32. Qxe5 Kb8 33. Rc1 Qd2+
34. Kg1 Rhg8 35. d7+ Ka8 36. Rc8+ Rxc8 37. dxc8=Q+ Bxc8 38. Rf2 Qd1+ 39. Bf1
Qxa4 40. Qxh5 Be6 41. Rf4 Qa3 42. Qe5 Qa2 43. Qd6 Bd5 44. Rf2 Qa5 45. Rf5 Rd8
46. Qe5 Qb6 47. Rf6 Be6 48. Rf4 Bb3 49. Be2 Qd6 50. Qa5+ Kb8 51. Rd4 Bd5 52.
Bf3 Qe5 53. Qxd8+ 1-0

[Event "20. Obert Int. Sant Marti 2018 - B"]
[Site "Barcelona ESP"]
[Date "2018.07.13"]
[Round "1.40"]
[White "Rodoreda Pares, Marc"]
[Black "Gallego Montes, Antoni"]
[Result "0-1"]
[WhiteElo "1487"]
[BlackElo "1837"]
[PlyCount "48"]
[EventDate "2018.07.13"]
[EventType "swiss"]
[EventRounds "9"]
[EventCountry "ESP"]
[SourceTitle "Ajedrez en Madrid"]
[Source "lmi"]
[SourceDate "2018.07.13"]
[SourceVersion "1"]
[SourceVersionDate "2019.06.21"]
[SourceQuality "1"]

1. e4 d5 2. exd5 Nf6 3. Nf3 Bg4 4. Be2 c6 5. O-O Qxd5 6. Nc3 Qa5 7. d3 Nbd7 8.
Bd2 Qc7 9. Re1 e6 10. h3 h5 11. Nh2 Bc5 12. Nxg4 hxg4 13. Bxg4 Rh4 14. Bf3 Rxh3
15. Be3 Bxe3 16. Rxe3 Rh6 17. Ne4 Nd5 18. Re1 O-O-O 19. Ng3 Nf4 20. Qd2 Rdh8
21. Re4 g5 22. a4 f5 23. Rc4 Nf6 24. b4 Qh7 0-1

[Event "20. Obert Int. Sant Marti 2018 - B"]
[Site "Barcelona ESP"]
[Date "2018.07.13"]
[Round "1.41"]
[White "Garcia Clemente, Julian Fco."]
[Black "Han, Xuqian Ben"]
[Result "0-1"]
[WhiteElo "1828"]
[BlackElo "1486"]
[PlyCount "120"]
[EventDate "2018.07.13"]
[EventType "swiss"]
[EventRounds "9"]
[EventCountry "ESP"]
[SourceTitle "Ajedrez en Madrid"]
[Source "lmi"]
[SourceDate "2018.07.13"]
[SourceVersion "1"]
[SourceVersionDate "2019.06.21"]
[SourceQuality "1"]

1. d4 Nf6 2. c4 g6 3. Nc3 Bg7 4. e4 d6 5. f4 O-O 6. Nf3 c5 7. d5 e6 8. Be2 exd5
9. cxd5 Re8 10. Nd2 Na6 11. O-O c4 12. Kh1 Nc5 13. Bxc4 Nfxe4 14. Ncxe4 Nxe4
15. Nf3 Qb6 16. Qe1 Bxb2 17. Rb1 Bc3 18. Bd2 Qa5 19. Bxc3 Qxc3 20. Qxc3 Nxc3
21. Rbc1 Ne4 22. Bb5 Re7 23. Nd4 a6 24. Ba4 Nc5 25. Bc2 Bd7 26. Rb1 Ba4 27. Rb6
Bxc2 28. Nxc2 Rd7 29. Nd4 Na4 30. Rb3 b5 31. f5 Nb6 32. Rd3 Nxd5 33. Nxb5 Nb4
34. Rxd6 Rxd6 35. Nxd6 Nxa2 36. fxg6 fxg6 37. g4 a5 38. Ra1 Nb4 39. Ra4 Kf8 40.
Nc4 Nc6 41. Kg2 Ke7 42. Kf3 Ke6 43. Ke3 Ne5 44. Nxe5 Kxe5 45. Kd3 Kd5 46. g5
Kc5 47. Rc4+ Kb6 48. Kc3 Ra7 49. Kb3 a4+ 50. Ka3 Kb5 51. Rb4+ Kc5 52. Rf4 Re7
53. Kxa4 Kd5 54. Kb5 Rb7+ 55. Ka4 Re7 56. Ka5 Re4 57. Rf7 Rh4 58. Rd7+ Ke6 59.
Rd2 Rh5 60. Rg2 Kf5 0-1

[Event "20. Obert Int. Sant Marti 2018 - B"]
[Site "Barcelona ESP"]
[Date "2018.07.13"]
[Round "1.42"]
[White "Gomez Fernandez, Miquel"]
[Black "Minko, Olga"]
[Result "0-1"]
[WhiteElo "1485"]
[BlackElo "1822"]
[PlyCount "104"]
[EventDate "2018.07.13"]
[EventType "swiss"]
[EventRounds "9"]
[EventCountry "ESP"]
[SourceTitle "Ajedrez en Madrid"]
[Source "lmi"]
[SourceDate "2018.07.13"]
[SourceVersion "1"]
[SourceVersionDate "2019.06.21"]
[SourceQuality "1"]

1. d4 d5 2. c4 dxc4 3. Nc3 e5 4. e3 exd4 5. exd4 Nf6 6. Bxc4 Be7 7. Nf3 O-O 8.
O-O Bg4 9. Re1 Nc6 10. Be3 Qd7 11. Be2 Rad8 12. Ne5 Nxe5 13. dxe5 Qf5 14. Bxg4
Nxg4 15. Qf3 Qxf3 16. gxf3 Nxe5 17. Kg2 Nd3 18. Re2 Bf6 19. Ne4 Bxb2 20. Rb1
Bd4 21. Rxb7 c5 22. Rc7 Rc8 23. Rxc8 Rxc8 24. Rd2 Bxe3 25. fxe3 Rd8 26. Kf1 c4
27. Rc2 Ne5 28. Ke2 f5 29. f4 Nd3 30. Nd2 Nb4 31. Rxc4 Nxa2 32. Rc7 Ra8 33. h4
a5 34. e4 fxe4 35. Nxe4 a4 36. Nc5 Re8+ 37. Kd2 a3 38. Ra7 Rd8+ 39. Kc2 Rc8 40.
Ra5 Nb4+ 41. Kb3 Nd5 42. f5 Ne3 43. Nd3 Nc2 44. Nc1 Nd4+ 45. Ka2 Rxc1 46. Rxa3
Nxf5 47. Ra8+ Kf7 48. h5 Rh1 49. Ra7+ Kf6 50. Ra6+ Kg5 51. Ra5 Rxh5 52. Kb3 Rh4
0-1

[Event "20. Obert Int. Sant Marti 2018 - B"]
[Site "Barcelona ESP"]
[Date "2018.07.13"]
[Round "1.43"]
[White "Julia Yebra, David"]
[Black "Febrero Perez, Lluis"]
[Result "1-0"]
[WhiteElo "1808"]
[BlackElo "1479"]
[PlyCount "103"]
[EventDate "2018.07.13"]
[EventType "swiss"]
[EventRounds "9"]
[EventCountry "ESP"]
[SourceTitle "Ajedrez en Madrid"]
[Source "lmi"]
[SourceDate "2018.07.13"]
[SourceVersion "1"]
[SourceVersionDate "2019.06.21"]
[SourceQuality "1"]

1. c4 c5 2. Nc3 Nc6 3. g3 Nf6 4. Bg2 e6 5. Nf3 Be7 6. O-O O-O 7. d3 d5 8. cxd5
exd5 9. d4 c4 10. e3 h6 11. b3 Be6 12. h3 a6 13. bxc4 dxc4 14. a4 Na5 15. Ne5
Qc8 16. Kh2 Nd7 17. Nxd7 Bxd7 18. Ba3 Re8 19. Bxe7 Rxe7 20. Qh5 Nb3 21. Ra2 Rb8
22. Rd1 b5 23. axb5 axb5 24. Ne4 Rb6 25. Nc5 Nxc5 26. dxc5 Ra6 27. Rxa6 Qxa6
28. Rd6 Qc8 29. Qd1 Be8 30. c6 Rc7 31. Qd5 Qb8 32. Rd8 Rc8 33. Rxc8 Qxc8 34.
Qxb5 c3 35. Qc4 Qf5 36. Qxc3 Qxf2 37. c7 Bd7 38. c8=Q+ Bxc8 39. Qxc8+ Kh7 40.
e4 g6 41. e5 Kg7 42. Qc4 Qe3 43. Qf4 Qe2 44. h4 Qb2 45. Qf6+ Kf8 46. Kh3 Qd4
47. Qd6+ Qxd6 48. exd6 Ke8 49. Bc6+ Kd8 50. Kg4 f5+ 51. Kf4 Kc8 52. h5 1-0

[Event "20. Obert Int. Sant Marti 2018 - B"]
[Site "Barcelona ESP"]
[Date "2018.07.13"]
[Round "1.44"]
[White "Membrives Pino, Didac"]
[Black "Fuentes Barrientos, Carlos"]
[Result "0-1"]
[WhiteElo "1477"]
[BlackElo "1803"]
[PlyCount "46"]
[EventDate "2018.07.13"]
[EventType "swiss"]
[EventRounds "9"]
[EventCountry "ESP"]
[SourceTitle "Ajedrez en Madrid"]
[Source "lmi"]
[SourceDate "2018.07.13"]
[SourceVersion "1"]
[SourceVersionDate "2019.06.21"]
[SourceQuality "1"]

1. d4 Nf6 2. Bf4 Nc6 3. Nf3 d5 4. h3 g6 5. Nc3 Bg7 6. Qd2 Ne4 7. Nxe4 dxe4 8.
Ng5 Qxd4 9. c3 Qxd2+ 10. Kxd2 e5 11. Be3 f5 12. h4 b6 13. f4 h6 14. Nh3 Be6 15.
Kc2 O-O-O 16. b3 Rd7 17. Nf2 Rhd8 18. Rd1 Rxd1 19. Nxd1 Kb7 20. Bc1 exf4 21.
Bxf4 Ne5 22. Bc1 Ng4 23. g3 Rxd1 0-1